| 000 | 00471nam a22001937a 4500 | ||
|---|---|---|---|
| 003 | MPLRDC | ||
| 005 | 20220104143658.0 | ||
| 008 | 210129b ||||| |||| 00| 0 eng d | ||
| 020 | _a957-8453-95-7 | ||
| 082 | _a100 HAMM | ||
| 100 | _aL. JAMES HAMMOND | ||
| 245 |
_a与思想家对话 _c胡亚非译 |
||
| 250 | _a初版 | ||
| 260 |
_a _b立绪文化 _c2000 |
||
| 300 | _b平 | ||
| 490 | _a世界公民丛书. 9 | ||
| 650 | _a哲学总论 | ||
| 942 |
_cBK _o100 HAMM |
||
| 999 |
_c42272 _d42262 |
||